Evaluación del sistema de transferencia del calor para el aire del secado del café en el Beneficio Central de Coopetarrazú
Zapisane w:
| 1. autor: | |
|---|---|
| Kolejni autorzy: | |
| Format: | Książka |
| Język: | Spanish |
| Wydane: |
San José, Costa Rica
2022.
|
| Hasła przedmiotowe: | |
| Etykiety: |
Dodaj etykietę
Nie ma etykietki, Dołącz pierwszą etykiete!
|
MARC
| LEADER | 00000nam a2200000Ia 4500 | ||
|---|---|---|---|
| 003 | 013566 | ||
| 005 | 20230413104309.0 | ||
| 008 | 140114s2022 cr a 000 ||spa d | ||
| 040 | |c cru CEDI | ||
| 100 | |9 397 |a Castillo Herrera Christopher Alberto, 1991- | ||
| 245 | |a Evaluación del sistema de transferencia del calor para el aire del secado del café en el Beneficio Central de Coopetarrazú | ||
| 260 | |a San José, Costa Rica |c 2022. | ||
| 500 | |a Trabajo Final de graduación (licenciatura en ingeniería agrícola y de biosistemas)--Universidad de Costa Rica. Facultad de Ingeniería. Escuela de Ingeniería de Biosistemas | ||
| 501 | |a Director de Trabajo Final de Graduación: Dr. Pedro Casanova Treto | ||
| 610 | |x COOPETARRAZU R.L. (COSTA RICA) | ||
| 650 | |x INTERCAMBIADORES DE CALOR |x CALEFACCION |x CALDERAS DE VAPOR |x SECADORES - EVALUACION |x CAFE - SECADO - COSTA RICA |x SECADORES - MEDICIONES | ||
| 700 | |9 187 |a Casanova Treto, Pedro, 1975- |d Director del TFG | ||
| 942 | |c CEDI |h TFG 8717 |6 TFG_8717_000000000000000 | ||
| 999 | |c 22069 |d 22069 | ||
